Insane Demons by Letter - T - Statistics

General Stats
  • This quiz has been taken 4 times
  • The average score is 22 of 69
Answer Stats
Hint Answer % Correct
The The Four Elements
100%
TAU TAURINE
50%
tbh tbh
50%
tee teehee colon three
50%
TEN TENDO
50%
TG TG
50%
Tha Thanatophobia
50%
the the blood room
50%
The The End
50%
The The JanuS Miracle
50%
the theory of troll
50%
The Theory of Visible v3
50%
tig tigre
50%
Tim Time Machine
50%
TIT TITANIUM CORE
50%
ToE ToE IV
50%
Tak TakeDown
25%
Tar Tarantula
25%
Tea Tearing
25%
tel tellmewhyimwaiting
25%
Tem Temple of Destiny
25%
Tem Temple Profanators
25%
Tem Tempus Fugit
25%
Ter Termination
25%
Ter Terror Factory
25%
Ter Terror Ruin
25%
Tes Tesseract
25%
Tha Thanos
25%
The The Badland
25%
The The Bandere
25%
The The Blitzless
25%
The The Catalyst
25%
The The Caverns II
25%
The The Chain
25%
The The Deathless
25%
The The Elysium
25%
the the far sky
25%
The The Mines Circles
25%
The Theory Of Alchemy
25%
The Theory of the Past
25%
The Theory of XoanoN
25%
The The Otherworld
25%
The The Place
25%
The The Prison
25%
The The RealistiK
25%
The The Secret Box
25%
The The Shredder
25%
The The Unbinding
25%
The The World Caves In
25%
Thi Thirteen
25%
THO THORNS and BRAMBLES
25%
Thr Through The Aether
25%
Ti Ti dichiaro fumato
25%
TM1 TM18
25%
Tor Torrential Storm
25%
Tox Toxic
25%
Tox Toxic Thingy
25%
Tra Trandafir
25%
Tra Transform
25%
Tra Transonic
25%
Tre Tremor
25%
Tri Trick Room
25%
Tri Trip
25%
Tro Tropical Thunder
25%
Try Try Together
25%
Tur Turbo Overdrive
25%
Twi Twilight Step V2
25%
Twi Twisted Vision
25%
Two Two faced agony
25%
No matching quizzes found
Score Distribution
Percent of People with Each Score
Percentile by Number Answered
Your Score History
You have not taken this quiz